[Event "2. ODEM U25 2005"]
[Site "Willingen GER"]
[Date "2005.05.15"]
[Round "2"]
[White "Mazarov, Jürgen"]
[Black "Kühner, Christian"]
[Result "1/2-1/2"]
[Termination "normal"]
[Board "3"]
[WhiteElo "1958"]
[BlackElo "2150"]
[PlyCount "89"]
[WhiteFideId "24617768"]
[BlackFideId "4679440"]
[EventCountry "GER"]
[EventRounds "9"]
[EventType "swiss"]
[EventDate "2005.05.15"]

1. e4 c5 2. Nf3 e6 3. d4 cxd4 4. Nxd4 Qc7 5. Bd3 a6 6. O-O Nf6 7. Kh1 d6 8. Qe2
Nbd7 9. Nc3 Be7 10. Bd2 b5 11. Rae1 Bb7 12. f4 Nc5 13. e5 Nfd7 14. f5 Nxe5 15.
fxe6 fxe6 16. b4 Ncxd3 17. Nxe6 Qc4 18. Nxg7+ Kd7 19. cxd3 Qxd3 20. Qxd3 Nxd3
21. Re3 Rhg8 22. Rxd3 Rxg7 23. Nd5 Bxd5 24. Rxd5 Rc8 25. Rd1 Rc2 26. Bf4 Rxa2
27. Bxd6 Bxd6 28. Rxd6+ Kc7 29. g3 Re7 30. R6d5 Rb2 31. R5d4 Re6 32. Rh4 h6 33.
Rhd4 Rc6 34. g4 Kb6 35. h4 a5 36. bxa5+ Kxa5 37. g5 b4 38. Rg4 hxg5 39. hxg5
Rg6 40. Rf1 Ka4 41. Kg1 Rc2 42. Rff4 Rb6 43. g6 Rc8 44. g7 Rbb8 45. g8=Q
1/2-1/2

[Event "2. ODEM U25 2005"]
[Site "Willingen GER"]
[Date "2005.05.15"]
[Round "2"]
[White "Lantzsch, Christian"]
[Black "Simon, Eric"]
[Result "1-0"]
[Termination "normal"]
[Board "4"]
[WhiteElo "2141"]
[BlackElo "1896"]
[PlyCount "107"]
[WhiteFideId "4659821"]
[EventCountry "GER"]
[EventRounds "9"]
[EventType "swiss"]
[EventDate "2005.05.15"]

1. Nf3 e6 2. d4 d5 3. Bf4 Nf6 4. e3 Bd6 5. Bg3 b6 6. Nbd2 O-O 7. Bd3 Bb7 8. Rc1
Nbd7 9. c3 Re8 10. Ne5 Ne4 11. Qc2 f5 12. Ndf3 Nxg3 13. hxg3 Bxe5 14. Nxe5 Nxe5
15. dxe5 c5 16. Qe2 Qg5 17. Rh3 g6 18. f4 Qe7 19. g4 Rf8 20. gxf5 exf5 21. Kf2
Rf7 22. Rch1 Rd8 23. Rg3 Rg7 24. Rg5 Bc8 25. a3 Be6 26. Rg3 Rd7 27. Rgh3 Qd8
28. Bb5 Rdf7 29. Rd1 Qa8 30. Rhh1 c4 31. Rdg1 a6 32. Ba4 Qc8 33. Bd1 Qc5 34.
Ke1 a5 35. Qd2 b5 36. g4 Qc6 37. Rh2 fxg4 38. Bxg4 Bxg4 39. Rxg4 Qe6 40. Rhg2
h5 41. Rg5 Rb7 42. Qc2 Rb6 43. Ke2 h4 44. R2g4 h3 45. Kf2 Kh8 46. Kg3 b4 47.
axb4 axb4 48. Kxh3 bxc3 49. bxc3 Ra6 50. Kg3 Qb6 51. Kf3 Qc6 52. f5 Ra1 53.
Rxg6 Rxg6 54. Rxg6 1-0

[Event "2. ODEM U25 2005"]
[Site "Willingen GER"]
[Date "2005.05.15"]
[Round "2"]
[White "Zayadeh, Raphael"]
[Black "Neidlinger, Markus"]
[Result "1-0"]
[Termination "normal"]
[Board "5"]
[WhiteElo "1928"]
[BlackElo "2110"]
[PlyCount "45"]
[BlackFideId "4697839"]
[EventCountry "GER"]
[EventRounds "9"]
[EventType "swiss"]
[EventDate "2005.05.15"]

1. d4 g6 2. Nf3 Bg7 3. Nc3 d6 4. e4 Nf6 5. h3 O-O 6. Be3 c6 7. Qd2 Qa5 8. Bd3
Rd8 9. O-O Nbd7 10. Ne2 Qc7 11. c3 e5 12. Ng3 d5 13. Bg5 Re8 14. dxe5 Nxe5 15.
Nxe5 Qxe5 16. Rae1 Bd7 17. f4 Qc7 18. e5 Ne4 19. Bxe4 dxe4 20. Nxe4 Be6 21. b3
Kh8 22. Qf2 h6 23. Qh4 1-0

[Event "2. ODEM U25 2005"]
[Site "Willingen GER"]
[Date "2005.05.15"]
[Round "2"]
[White "Koksch, Florian"]
[Black "Hort, Alexej"]
[Result "0-1"]
[Termination "normal"]
[Board "7"]
[WhiteElo "1899"]
[BlackElo "2105"]
[PlyCount "100"]
[WhiteFideId "24613584"]
[BlackFideId "4678125"]
[EventCountry "GER"]
[EventRounds "9"]
[EventType "swiss"]
[EventDate "2005.05.15"]

1. e4 c5 2. Nf3 d6 3. d4 cxd4 4. Nxd4 Nf6 5. Nc3 a6 6. f4 Qc7 7. Bd3 g6 8. Nf3
Bg7 9. Be3 O-O 10. O-O Nbd7 11. Kh1 b5 12. Qd2 Bb7 13. Rae1 b4 14. Na4 Qa5 15.
b3 Nxe4 16. Bxe4 Bxe4 17. a3 Qc7 18. Qxb4 Nf6 19. Bd4 Rab8 20. Qd2 Qxc2 21. Nc3
Bf5 22. Qxc2 Bxc2 23. b4 e6 24. Rf2 Bd3 25. Rd2 Bc4 26. Bxf6 Bxf6 27. Ne4 Bg7
28. Rxd6 Rfc8 29. Ne5 Bxe5 30. fxe5 Kg7 31. Nc5 a5 32. Nd7 Rb5 33. bxa5 Rxa5
34. Ra1 Bb5 35. h3 Bxd7 36. Rxd7 Rxe5 37. Ra7 Rc2 38. a4 Ree2 39. Rf1 Rf2 40.
Rxf2 Rxf2 41. a5 Ra2 42. a6 Kf6 43. Kh2 Ra3 44. h4 h5 45. Kg1 Ra4 46. g3 Ra2
47. Kf1 e5 48. Kg1 Ke6 49. Ra8 Kf5 50. a7 Kg4 0-1

[Event "2. ODEM U25 2005"]
[Site "Willingen GER"]
[Date "2005.05.15"]
[Round "2"]
[White "Zentgraf, Robert"]
[Black "Linsenmeyer, Mario"]
[Result "1-0"]
[Termination "normal"]
[Board "8"]
[WhiteElo "2082"]
[BlackElo "1850"]
[PlyCount "123"]
[WhiteFideId "4676483"]
[BlackFideId "24635138"]
[EventCountry "GER"]
[EventRounds "9"]
[EventType "swiss"]
[EventDate "2005.05.15"]

1. e4 c5 2. Nf3 e6 3. d4 cxd4 4. Nxd4 a6 5. Bd3 Qc7 6. O-O Nf6 7. Nb3 Nc6 8.
Nc3 b5 9. a3 Bb7 10. f4 d6 11. Qe2 Be7 12. Bd2 O-O 13. Rae1 e5 14. Nd5 Nxd5 15.
exd5 Nd8 16. f5 Bxd5 17. f6 Bxf6 18. Rxf6 Qe7 19. Rff1 g6 20. Be4 Bc4 21. Qf3
Rc8 22. Bd3 Be6 23. Qf6 Qxf6 24. Rxf6 Kg7 25. Rf2 f5 26. Bb4 Nf7 27. Rd2 Rfd8
28. Ba5 Rd7 29. Bf1 Kf6 30. Nc1 d5 31. c3 Nd6 32. Bb4 Nb7 33. a4 a5 34. Bxb5
axb4 35. Bxd7 bxc3 36. Bxc8 cxd2 37. Rd1 Bxc8 38. Rxd2 d4 39. Ne2 Bd7 40. Nxd4
exd4 41. Rxd4 Bc6 42. Rc4 Nd8 43. a5 Ke5 44. a6 Kd5 45. Rc2 Ne6 46. b4 Nc7 47.
a7 Na8 48. Kf2 Kd6 49. Ke3 Be4 50. Rd2+ Kc6 51. Rd8 Kb5 52. g4 Kxb4 53. gxf5
gxf5 54. Rh8 Kc5 55. Rxh7 Nb6 56. Kf4 Nd5+ 57. Kg5 Nb6 58. Rf7 Nc8 59. Rc7+ Kb6
60. Rxc8 Kxa7 61. h4 Kb7 62. Rc5 1-0

[Event "2. ODEM U25 2005"]
[Site "Willingen GER"]
[Date "2005.05.15"]
[Round "2"]
[White "Sieker, Roland"]
[Black "Nuber, Korbinian"]
[Result "1-0"]
[Termination "normal"]
[Board "9"]
[WhiteElo "1895"]
[BlackElo "2073"]
[PlyCount "87"]
[WhiteFideId "24600261"]
[BlackFideId "24607231"]
[EventCountry "GER"]
[EventRounds "9"]
[EventType "swiss"]
[EventDate "2005.05.15"]

1. e4 Nf6 2. d3 e5 3. f4 Nc6 4. Nf3 exf4 5. Bxf4 d5 6. e5 Nh5 7. Bd2 Bg4 8. c3
d4 9. Be2 Nxe5 10. O-O Nxf3+ 11. Bxf3 Bc5 12. c4 Bxf3 13. Qxf3 Nf6 14. Re1+ Kf8
15. Bg5 c6 16. Nd2 h6 17. Qf5 Bb4 18. a3 hxg5 19. axb4 Qd6 20. g3 Qxb4 21. Nf3
g4 22. Nh4 Kg8 23. Re2 Qd6 24. Rae1 Rh5 25. Qf2 g6 26. Rf1 Kg7 27. Re4 Rf8 28.
Rf4 Nd7 29. Rxf7+ Rxf7 30. Qxf7+ Kh6 31. Nxg6 Rg5 32. Nh4 b5 33. Nf5+ Rxf5 34.
Rxf5 Qg6 35. Qxg6+ Kxg6 36. Rf4 Ne5 37. cxb5 cxb5 38. Kf1 Nxd3 39. Rxg4+ Kf5
40. Rxd4 Ne5 41. Rd5 a6 42. Ke2 Ke4 43. Rxe5+ Kxe5 44. Kd3 1-0

[Event "2. ODEM U25 2005"]
[Site "Willingen GER"]
[Date "2005.05.15"]
[Round "2"]
[White "Rosenblatt, Marcus"]
[Black "Vandenbergen, Nicolas"]
[Result "0-1"]
[Termination "normal"]
[Board "10"]
[WhiteElo "1852"]
[BlackElo "2057"]
[PlyCount "46"]
[WhiteFideId "24627453"]
[EventCountry "GER"]
[EventRounds "9"]
[EventType "swiss"]
[EventDate "2005.05.15"]

1. e4 c5 2. Nf3 Nc6 3. d4 cxd4 4. Nxd4 Nf6 5. Nc3 e5 6. Ndb5 d6 7. Bg5 a6 8.
Na3 b5 9. Nd5 Be7 10. Nxe7 Nxe7 11. Bxf6 gxf6 12. c4 Bb7 13. cxb5 Bxe4 14. bxa6
O-O 15. Be2 Kh8 16. O-O d5 17. b4 Qd6 18. Qa4 Nc6 19. b5 Nd4 20. Rfe1 Rg8 21.
g3 Qe6 22. Qd1 Qh3 23. f3 Rxg3+ 0-1

[Event "2. ODEM U25 2005"]
[Site "Willingen GER"]
[Date "2005.05.15"]
[Round "2"]
[White "Dahmen, Christoph"]
[Black "Roitzsch, Philipp"]
[Result "1-0"]
[Termination "normal"]
[Board "11"]
[WhiteElo "2050"]
[BlackElo "1830"]
[PlyCount "81"]
[WhiteFideId "4692160"]
[BlackFideId "24635529"]
[EventCountry "GER"]
[EventRounds "9"]
[EventType "swiss"]
[EventDate "2005.05.15"]

1. d4 Nf6 2. c4 e5 3. dxe5 Ng4 4. e3 Nxe5 5. Nh3 d6 6. Nf4 Bf5 7. Nc3 Nbd7 8.
Be2 Nc5 9. O-O Be7 10. f3 O-O 11. e4 Bg6 12. Nfd5 Nc6 13. b4 Nd7 14. Be3 f5 15.
Nf4 Bg5 16. Ncd5 Bf7 17. exf5 Bxd5 18. Qxd5+ Kh8 19. Kh1 Nxb4 20. Qxb7 Rb8 21.
Qxa7 Bxf4 22. Bxf4 Rxf5 23. Bd2 Nc6 24. Qf2 Qf6 25. a4 Nc5 26. Qe1 Re8 27. Bc3
Qe6 28. Qg3 Ne5 29. a5 Ng6 30. a6 Ra8 31. Rfe1 Qd7 32. Bd1 Rff8 33. h4 Nf4 34.
a7 Ncd3 35. Re3 Nh5 36. Qg5 Rf5 37. Qe7 Qxe7 38. Rxe7 Nf2+ 39. Kg1 Nxd1 40.
Rxd1 Rc5 41. Rde1 1-0

[Event "2. ODEM U25 2005"]
[Site "Willingen GER"]
[Date "2005.05.15"]
[Round "2"]
[White "Neldner, Uta"]
[Black "Röber, Jürgen"]
[Result "1/2-1/2"]
[Termination "normal"]
[Board "12"]
[WhiteElo "1830"]
[BlackElo "2040"]
[PlyCount "52"]
[WhiteFideId "24604070"]
[BlackFideId "4697090"]
[EventCountry "GER"]
[EventRounds "9"]
[EventType "swiss"]
[EventDate "2005.05.15"]

1. e4 c5 2. Nf3 Nc6 3. Bb5 g6 4. Bxc6 dxc6 5. d3 Bg7 6. h3 e5 7. Nc3 Qd6 8. Be3
Nf6 9. Qd2 O-O 10. Bh6 Nh5 11. Bxg7 Nxg7 12. Nh2 f5 13. Qh6 f4 14. Nf3 Qe7 15.
O-O-O b5 16. Nb1 a5 17. h4 Bg4 18. Nbd2 Ne6 19. Rdg1 Nd4 20. Nxd4 cxd4 21. h5
Qg7 22. hxg6 Qxg6 23. Qh4 Kh8 24. f3 Be6 25. g3 Rg8 26. Qh2 Qf7 1/2-1/2

[Event "2. ODEM U25 2005"]
[Site "Willingen GER"]
[Date "2005.05.15"]
[Round "2"]
[White "Belger, Christian"]
[Black "Bietz, Fabian"]
[Result "1-0"]
[Termination "normal"]
[Board "13"]
[WhiteElo "1822"]
[BlackElo "2028"]
[PlyCount "63"]
[WhiteFideId "24622940"]
[BlackFideId "24625930"]
[EventCountry "GER"]
[EventRounds "9"]
[EventType "swiss"]
[EventDate "2005.05.15"]

1. e4 c5 2. Nf3 Nc6 3. d4 cxd4 4. Nxd4 g6 5. Nc3 Bg7 6. Nb3 d6 7. Be2 Nf6 8.
O-O O-O 9. Bg5 a6 10. a4 Be6 11. Kh1 Bxb3 12. cxb3 Nd7 13. f4 Nc5 14. Bf3 Ne6
15. Bh4 Nxf4 16. Bg4 Ne6 17. Rc1 Ne5 18. Nd5 g5 19. Bf2 Nxg4 20. Qxg4 h6 21.
Be3 Bd4 22. Bxd4 Nxd4 23. h4 Ne6 24. Rf5 Ng7 25. Rf2 f6 26. a5 Qxa5 27. Nxe7+
Kh7 28. Nf5 Qb6 29. Rfc2 Rf7 30. h5 Qd8 31. Nxg7 Rxg7 32. Qf5+ 1-0

[Event "2. ODEM U25 2005"]
[Site "Willingen GER"]
[Date "2005.05.15"]
[Round "2"]
[White "Gölz, Daniel"]
[Black "Sonntag, Hermann"]
[Result "1-0"]
[Termination "normal"]
[Board "14"]
[WhiteElo "1809"]
[BlackElo "2016"]
[PlyCount "77"]
[WhiteFideId "24626325"]
[BlackFideId "4695925"]
[EventCountry "GER"]
[EventRounds "9"]
[EventType "swiss"]
[EventDate "2005.05.15"]

1. e4 e6 2. Qe2 c5 3. f4 Nc6 4. Nf3 Be7 5. d3 d5 6. e5 Nh6 7. g3 Nf5 8. c3 b5
9. Bh3 Qb6 10. O-O c4+ 11. d4 b4 12. g4 Nh6 13. Kh1 Bd7 14. Ne1 O-O-O 15. Ng2
Rdg8 16. f5 g5 17. f6 Bd8 18. Be3 Rg6 19. Qd2 Ng8 20. Bxg5 h6 21. Be3 Bxf6 22.
exf6 Nxf6 23. Qe2 Ne4 24. Rxf7 h5 25. gxh5 Rg3 26. Nf4 Nd8 27. Nxd5 Qd6 28.
Ne7+ Kb7 29. Bf4 Qc6 30. Nxc6 Nxf7 31. Nxb4 Rxh3 32. Qxe4+ Kb6 33. Nd2 R8xh5
34. Nxc4+ Kb5 35. a4+ Kxc4 36. Qe2+ Kb3 37. Qc2+ Kc4 38. Qe2+ Kb3 39. Ra3# 1-0

[Event "2. ODEM U25 2005"]
[Site "Willingen GER"]
[Date "2005.05.15"]
[Round "2"]
[White "Müer, Sebastian"]
[Black "Bigalke, Tobias"]
[Result "0-1"]
[Termination "normal"]
[Board "15"]
[WhiteElo "1793"]
[BlackElo "2009"]
[PlyCount "88"]
[BlackFideId "4698282"]
[EventCountry "GER"]
[EventRounds "9"]
[EventType "swiss"]
[EventDate "2005.05.15"]

1. Nf3 g6 2. g3 Bg7 3. Bg2 c5 4. O-O Nc6 5. c4 d6 6. Nc3 e5 7. d3 Nge7 8. Nd5
O-O 9. Rb1 h6 10. Bd2 a5 11. Ne1 Be6 12. a3 f5 13. f4 Rb8 14. b4 axb4 15. axb4
Bxd5 16. cxd5 Nxb4 17. Bxb4 cxb4 18. Rxb4 Qa5 19. Qb3 Qc5+ 20. d4 exd4 21. Nd3
Qc3 22. Qb1 Qd2 23. Bf3 g5 24. fxg5 hxg5 25. Rxb7 Rxb7 26. Qxb7 Qe3+ 27. Kh1 g4
28. Bg2 Qxe2 29. Nf4 Qe5 30. Ne6 Rf7 31. Qa8+ Bf8 32. Qa5 Bh6 33. Re1 Be3 34.
Qd8+ Kh7 35. Ng5+ Kg6 36. Nxf7 Kxf7 37. Qa5 d3 38. Rd1 d2 39. Qb5 f4 40. gxf4
Bxf4 41. Qf1 Nf5 42. Qf2 Kg6 43. h3 Ng3+ 44. Kg1 Be3 0-1

[Event "2. ODEM U25 2005"]
[Site "Willingen GER"]
[Date "2005.05.15"]
[Round "2"]
[White "Patzer, Stefan"]
[Black "Willems, Sebastian"]
[Result "1-0"]
[Termination "normal"]
[Board "16"]
[WhiteElo "1997"]
[BlackElo "1786"]
[PlyCount "71"]
[WhiteFideId "24601209"]
[EventCountry "GER"]
[EventRounds "9"]
[EventType "swiss"]
[EventDate "2005.05.15"]

1. f4 Nf6 2. Nf3 g6 3. e3 Bg7 4. d4 d6 5. Bd3 Nbd7 6. O-O O-O 7. e4 e6 8. e5
dxe5 9. fxe5 Nd5 10. Nc3 Nxc3 11. bxc3 c5 12. Be3 b6 13. h4 Bb7 14. h5 Bd5 15.
Ng5 Bh6 16. Qg4 f5 17. exf6 Nxf6 18. Qh4 c4 19. hxg6 Bg7 20. Nxh7 cxd3 21.
Nxf6+ Rxf6 22. Qh7+ Kf8 23. Bg5 e5 24. Bxf6 Qxf6 25. Rxf6+ Bxf6 26. g7+ Bxg7
27. Rf1+ Ke7 28. Qxg7+ Kd6 29. Qxe5+ Kc6 30. Rf6+ Kb7 31. Qxd5+ Ka6 32. Qxa8
dxc2 33. Qc8+ Ka5 34. Rf5+ b5 35. Qc7+ Ka4 36. Qxa7# 1-0

[Event "2. ODEM U25 2005"]
[Site "Willingen GER"]
[Date "2005.05.15"]
[Round "2"]
[White "Rezai, Yuanne"]
[Black "Rafiee, Makan"]
[Result "1/2-1/2"]
[Termination "normal"]
[Board "17"]
[WhiteElo "1779"]
[BlackElo "1992"]
[PlyCount "28"]
[BlackFideId "24609340"]
[EventCountry "GER"]
[EventRounds "9"]
[EventType "swiss"]
[EventDate "2005.05.15"]

1. e4 c5 2. d4 cxd4 3. c3 dxc3 4. Nxc3 Nc6 5. Bc4 d6 6. Nge2 a6 7. O-O Nf6 8.
Bg5 e6 9. Qc2 Be7 10. Rad1 O-O 11. a3 b5 12. Ba2 Bb7 13. Bb1 e5 14. Ng3 g6
1/2-1/2

[Event "2. ODEM U25 2005"]
[Site "Willingen GER"]
[Date "2005.05.15"]
[Round "2"]
[White "Schneider, Christian"]
[Black "Dalakian, Haroutioun"]
[Result "1/2-1/2"]
[Termination "normal"]
[Board "18"]
[WhiteElo "1992"]
[BlackElo "1746"]
[PlyCount "47"]
[WhiteFideId "24613886"]
[BlackFideId "24632058"]
[EventCountry "GER"]
[EventRounds "9"]
[EventType "swiss"]
[EventDate "2005.05.15"]

1. Nc3 g6 2. e4 Bg7 3. g3 d6 4. Bg2 Nd7 5. f4 e5 6. d3 Ngf6 7. Nf3 c6 8. fxe5
dxe5 9. O-O O-O 10. Kh1 Re8 11. Bg5 h6 12. Be3 Qe7 13. Qd2 Kh7 14. Ne2 b5 15.
a4 b4 16. h3 a5 17. g4 Ng8 18. Ng3 Nf8 19. g5 h5 20. Qe2 f6 21. Nh2 h4 22. Nh5
fxg5 23. Nxg7 Kxg7 24. d4 1/2-1/2

[Event "2. ODEM U25 2005"]
[Site "Willingen GER"]
[Date "2005.05.15"]
[Round "2"]
[White "Winter, Jonathan"]
[Black "Kesten, Sebastian"]
[Result "0-1"]
[Termination "normal"]
[Board "19"]
[WhiteElo "1746"]
[BlackElo "1978"]
[PlyCount "82"]
[BlackFideId "24616214"]
[EventCountry "GER"]
[EventRounds "9"]
[EventType "swiss"]
[EventDate "2005.05.15"]

1. e4 c5 2. Nc3 Nc6 3. g3 g6 4. Bg2 Bg7 5. f4 e6 6. d3 Nge7 7. Nf3 d6 8. O-O
Rb8 9. Rb1 b5 10. a3 O-O 11. Be3 Nd4 12. Bf2 Nxf3+ 13. Qxf3 Qc7 14. Rfc1 b4 15.
axb4 Rxb4 16. Nd1 Qb6 17. b3 Rb5 18. Nb2 Qb8 19. Bf1 Bb7 20. d4 Rb4 21. Nd3
Rxd4 22. Bxd4 Bxd4+ 23. Nf2 f5 24. Qe2 Bxe4 25. Bg2 d5 26. Bxe4 fxe4 27. Kg2 e5
28. c3 exf4 29. gxf4 Bg7 30. Nh3 Qb7 31. b4 c4 32. Ra1 Qd7 33. Ra3 Bh6 34. Qf2
Qg4+ 35. Qg3 Qe2+ 36. Kh1 Nf5 37. Qg2 Qe3 38. Rd1 d4 39. Ng5 Bxg5 40. fxg5 d3
41. Raa1 Nh4 0-1

[Event "2. ODEM U25 2005"]
[Site "Willingen GER"]
[Date "2005.05.15"]
[Round "2"]
[White "Jähn, Michael"]
[Black "Eidner, Falk"]
[Result "1/2-1/2"]
[Termination "normal"]
[Board "20"]
[WhiteElo "1977"]
[BlackElo "1729"]
[PlyCount "59"]
[WhiteFideId "24623466"]
[BlackFideId "24634557"]
[EventCountry "GER"]
[EventRounds "9"]
[EventType "swiss"]
[EventDate "2005.05.15"]

1. d4 Nf6 2. Nf3 b6 3. g3 Bb7 4. Bg2 g6 5. c4 Bg7 6. O-O O-O 7. Nc3 d6 8. Qc2
Nbd7 9. Rd1 c5 10. d5 Ng4 11. b3 Nge5 12. Bb2 Bc8 13. Nxe5 Nxe5 14. h3 f5 15.
e3 Rb8 16. Qe2 a6 17. a4 Qc7 18. f4 Nd7 19. e4 Nf6 20. Kh2 e6 21. dxe6 Bxe6 22.
exf5 Bxf5 23. Nd5 Nxd5 24. Bxd5+ Kh8 25. Bxg7+ Qxg7 26. Rac1 Rfe8 27. Qf2 Rbd8
28. Re1 h6 29. Rxe8+ Rxe8 30. Re1 1/2-1/2

[Event "2. ODEM U25 2005"]
[Site "Willingen GER"]
[Date "2005.05.15"]
[Round "2"]
[White "Tschlatscher, Thomas"]
[Black "Beckmann, Emanuel"]
[Result "0-1"]
[Termination "normal"]
[Board "21"]
[WhiteElo "1652"]
[BlackElo "1964"]
[PlyCount "118"]
[WhiteFideId "24635863"]
[BlackFideId "24608025"]
[EventCountry "GER"]
[EventRounds "9"]
[EventType "swiss"]
[EventDate "2005.05.15"]

1. c4 Nf6 2. Nc3 g6 3. d4 Bg7 4. Nf3 O-O 5. e4 c6 6. Be3 d5 7. exd5 cxd5 8.
cxd5 Nxd5 9. Qb3 Nxe3 10. fxe3 e5 11. d5 Nd7 12. e4 Nc5 13. Qc2 f5 14. Bd3 fxe4
15. Nxe4 Qa5+ 16. Nfd2 Nxe4 17. Bxe4 Bd7 18. Qc3 Qb6 19. Rf1 Rxf1+ 20. Nxf1 Rc8
21. Qb3 Qd4 22. d6+ Kh8 23. Qxb7 Rf8 24. Bf3 e4 25. Rd1 Qa4 26. Be2 Qa5+ 27.
Rd2 Bh6 28. Qd5 Bxd2+ 29. Qxd2 Qc5 30. b3 Qf2+ 31. Kd1 Bg4 32. Ng3 Bxe2+ 33.
Qxe2 Qg1+ 34. Qe1 Qd4+ 35. Qd2 Qe5 36. d7 Rd8 37. Kc2 e3 38. Qd3 Qc7+ 39. Kb1
Qxd7 40. Qxe3 Qd1+ 41. Qc1 Kg7 42. Ne4 Qxc1+ 43. Kxc1 Re8 44. Nc3 Rf8 45. g3
Rf2 46. h3 h5 47. Kb1 Rh2 48. h4 Rg2 49. Ne4 Re2 50. Ng5 Kf6 51. Nf3 Rg2 52.
Ng5 Kf5 53. b4 Rxg3 54. Kc2 Rg4 55. b5 Rxh4 56. Nf7 Rd4 57. a4 Kf6 58. Nh8 g5
59. Kc3 Rxa4 0-1

[Event "2. ODEM U25 2005"]
[Site "Willingen GER"]
[Date "2005.05.15"]
[Round "2"]
[White "Herzog, Matthias"]
[Black "Kamrla, Robin"]
[Result "1-0"]
[Termination "normal"]
[Board "22"]
[WhiteElo "2035"]
[BlackElo "1465"]
[PlyCount "90"]
[WhiteFideId "4698541"]
[EventCountry "GER"]
[EventRounds "9"]
[EventType "swiss"]
[EventDate "2005.05.15"]

1. e4 c5 2. Nf3 Nc6 3. d4 cxd4 4. Nxd4 Nf6 5. Nc3 e5 6. Ndb5 d6 7. Nd5 a6 8.
Nbc7+ Kd7 9. Nxa8 Nxd5 10. exd5 Ne7 11. Be3 Qa5+ 12. Qd2 Qxd2+ 13. Kxd2 Nxd5
14. Nb6+ Nxb6 15. Bxb6 Kc6 16. Be3 d5 17. c3 f5 18. f4 e4 19. Rd1 Be6 20. Kc1
Be7 21. Be2 g6 22. h3 b5 23. g4 Rd8 24. gxf5 gxf5 25. Rhg1 Bf6 26. Bd4 Bxd4 27.
Rxd4 Rd7 28. Rg3 Kc5 29. Rd1 a5 30. Rdg1 b4 31. Rg7 bxc3 32. bxc3 d4 33. Rxd7
Bxd7 34. cxd4+ Kxd4 35. Kd2 a4 36. Rg3 Be8 37. Bd1 Bb5 38. Be2 Be8 39. Rc3 Bf7
40. Bb5 Bxa2 41. Bxa4 Bc4 42. Rxc4+ Kxc4 43. Ke3 Kd5 44. Bd7 Kd6 45. Bxf5 Ke7
1-0

[Event "2. ODEM U25 2005"]
[Site "Willingen GER"]
[Date "2005.05.15"]
[Round "2"]
[White "Völz, Michael"]
[Black "Braun, Vitali"]
[Result "0-1"]
[Termination "normal"]
[Board "23"]
[WhiteElo "1460"]
[BlackElo "2232"]
[PlyCount "126"]
[WhiteFideId "24640107"]
[BlackFideId "4684915"]
[EventCountry "GER"]
[EventRounds "9"]
[EventType "swiss"]
[EventDate "2005.05.15"]

1. e4 Nc6 2. d4 d5 3. e5 Bf5 4. c3 e6 5. Bd3 Nge7 6. Bg5 Qd7 7. Qc2 Bxd3 8.
Qxd3 O-O-O 9. Nd2 Re8 10. Bxe7 Bxe7 11. b4 f6 12. f4 g5 13. b5 Na5 14. Ne2 gxf4
15. Nc1 fxe5 16. dxe5 Bh4+ 17. g3 fxg3 18. hxg3 Bg5 19. Ncb3 Bxd2+ 20. Nxd2 Qg7
21. Qe3 b6 22. O-O-O h5 23. Rdf1 Reg8 24. Rf3 Qe7 25. Rhf1 Qa3+ 26. Kb1 Qa4 27.
Qe2 Nc4 28. Nxc4 Qxb5+ 29. Qb2 Qxc4 30. Qa3 Rxg3 31. Qxa7 Rxf3 32. Rxf3 Qe4+
33. Kb2 Qxf3 34. Qa8+ Kd7 35. Qxh8 Qg4 36. Qf6 h4 37. Qf7+ Kc8 38. Qe8+ Kb7 39.
a4 Qe2+ 40. Kb3 Qxe5 41. a5 Qe4 42. axb6 Qb1+ 43. Ka3 Qxb6 44. Qh5 d4 45. Qxh4
Qa5+ 46. Kb2 Qxc3+ 47. Kb1 Qb3+ 48. Kc1 d3 49. Qe4+ Qd5 50. Qb4+ Kc6 51. Qa4+
Kd6 52. Kd2 e5 53. Qa3+ Kd7 54. Qa4+ Kd8 55. Qh4+ Kc8 56. Qg4+ Kd8 57. Qh4+ Kd7
58. Qa4+ Kd6 59. Qa3+ Qc5 60. Qa6+ Ke7 61. Qg6 Qb4+ 62. Kd1 Qb1+ 63. Kd2 Qc2+
0-1

[Event "2. ODEM U25 2005"]
[Site "Willingen GER"]
[Date "2005.05.15"]
[Round "2"]
[White "Leisner, Hannes"]
[Black "Reinke, Martin"]
[Result "1-0"]
[Termination "normal"]
[Board "24"]
[WhiteElo "2022"]
[BlackElo "1574"]
[PlyCount "59"]
[WhiteFideId "4692705"]
[BlackFideId "4620518"]
[EventCountry "GER"]
[EventRounds "9"]
[EventType "swiss"]
[EventDate "2005.05.15"]

1. e4 c5 2. Nf3 d6 3. Bc4 e6 4. d4 cxd4 5. Nxd4 Nc6 6. Nc3 Nf6 7. Be3 Be7 8.
Qe2 a6 9. O-O-O Nxd4 10. Bxd4 b5 11. Bd3 Qa5 12. f4 O-O 13. e5 Nd5 14. Qe4 g6
15. exd6 Bxd6 16. Nxd5 exd5 17. Qf3 Qxa2 18. f5 Re8 19. fxg6 Qa1+ 20. Kd2 Bb4+
21. c3 Qxb2+ 22. Bc2 fxg6 23. Rhf1 Bf5 24. Qxd5+ Kf8 25. Rxf5+ gxf5 26. Qxf5+
Ke7 27. Bf6+ Kd6 28. cxb4 Qxb4+ 29. Kc1+ Kc7 30. Qd7+ 1-0

[Event "2. ODEM U25 2005"]
[Site "Willingen GER"]
[Date "2005.05.15"]
[Round "2"]
[White "Siebarth, Marco"]
[Black "Winter, Christopher"]
[Result "1-0"]
[Termination "normal"]
[Board "25"]
[WhiteElo "2011"]
[BlackElo "1553"]
[PlyCount "33"]
[WhiteFideId "24604330"]
[EventCountry "GER"]
[EventRounds "9"]
[EventType "swiss"]
[EventDate "2005.05.15"]

1. e4 d5 2. exd5 Qxd5 3. Nc3 Qa5 4. d4 Bf5 5. Bc4 e6 6. Nf3 Nd7 7. Bd2 c6 8.
Qe2 Ngf6 9. d5 cxd5 10. Nxd5 Qd8 11. Nxf6+ Qxf6 12. Bc3 Bb4 13. Bxb4 Qxb2 14.
O-O Qxb4 15. Rab1 Qc5 16. Rxb7 Qc6 17. Rxd7 1-0

[Event "2. ODEM U25 2005"]
[Site "Willingen GER"]
[Date "2005.05.15"]
[Round "2"]
[White "Lüders, Morten"]
[Black "Albers, Damian"]
[Result "1/2-1/2"]
[Termination "normal"]
[Board "26"]
[WhiteElo "1728"]
[BlackElo "1997"]
[PlyCount "54"]
[BlackFideId "4695186"]
[EventCountry "GER"]
[EventRounds "9"]
[EventType "swiss"]
[EventDate "2005.05.15"]

1. e4 Nc6 2. Nf3 g6 3. d4 Bg7 4. Nc3 d6 5. Be3 Nf6 6. d5 Nb8 7. Qd2 c5 8. O-O-O
Ng4 9. Bg5 Qa5 10. Bh4 Bd7 11. h3 Ne5 12. Nxe5 Bxe5 13. f4 Bg7 14. Kb1 Na6 15.
Bg3 O-O 16. e5 Qc7 17. Bb5 Bxb5 18. Nxb5 Qd7 19. c4 Nc7 20. Nxc7 Qxc7 21. Rhe1
b5 22. Qd3 bxc4 23. Qxc4 Rab8 24. a3 Qb6 25. Re2 Qb3 26. Qxb3 Rxb3 27. Bh4 Rb7
1/2-1/2

[Event "2. ODEM U25 2005"]
[Site "Willingen GER"]
[Date "2005.05.15"]
[Round "2"]
[White "Blaschke, Tobias"]
[Black "Fabritius, Norbert"]
[Result "1-0"]
[Termination "normal"]
[Board "28"]
[WhiteElo "2000"]
[BlackElo "1321"]
[PlyCount "63"]
[WhiteFideId "24614297"]
[BlackFideId "24662178"]
[EventCountry "GER"]
[EventRounds "9"]
[EventType "swiss"]
[EventDate "2005.05.15"]

1. e4 e5 2. Nf3 Nc6 3. Bc4 d6 4. d4 exd4 5. Nxd4 Bd7 6. Nc3 Nf6 7. O-O Be7 8.
Be3 Ne5 9. Bb3 Nfg4 10. Bd2 Bg5 11. f4 Nxh2 12. Kxh2 Ng4+ 13. Kg1 Bh4 14. Nf5
Bxf5 15. exf5 h5 16. Qe2+ Kd7 17. Bxf7 Rh6 18. Ne4 c6 19. g3 Qb6+ 20. Kg2 Bf6
21. Nxf6+ Nxf6 22. Qe6+ Kd8 23. Qxd6+ Nd7 24. Be6 Qc7 25. Qxd7+ Qxd7 26. Bxd7
Kxd7 27. Bc3 g6 28. f6 Rh7 29. Rad1+ Kc7 30. Rfe1 b6 31. Re7+ Rxe7 32. fxe7 1-0